[Event "Open A"]
[Site "Moscow RUS"]
[Date "2009.02.05"]
[Round "6"]
[White "Inarkiev,E"]
[Black "Kurnosov,I"]
[Result "1-0"]
[WhiteElo "2656"]
[BlackElo "2602"]

1.e4 c5 2.Nf3 Nc6 3.d4 cxd4 4.Nxd4 e6 5.Nc3 Qc7 6.Be3 Nf6 7.f4 Bb4 8.Nb5 Qa5
9.e5 Nd5 10.Bd2 Nxc3 11.Bxc3 Bxc3+ 12.Nxc3 O-O 13.Qd6 f6 14.exf6 Qb4 15.O-O-O Qxd6
16.Rxd6 gxf6 17.Bc4 Kf7 18.Rhd1 Ke7 19.Ne4 Rd8 20.g4 a6 21.Bb3 Rg8 22.Nc5 Rd8
23.f5 Rb8 24.c3 b6 25.Ne4 Na5 26.g5 Nxb3+ 27.axb3 fxg5 28.fxe6 h6 29.Ng3 Rf8
30.exd7 Bb7 31.Rxb6 Kd8 32.b4 Kc7 33.Rxh6 Rh8 34.Nf5 Be4 35.Rxh8 Rxh8 36.d8=Q+ Rxd8
37.Rxd8 Kxd8 38.Ng3 Bg6 39.Kd2 Kd7 40.Ke3 Kc6 41.Ne4 g4 42.Nf6 Bf5 43.Kf4 Be6
44.Nxg4 Kb5 45.Ne5 Ka4 46.Ke4  1-0

[Event "Open A"]
[Site "Moscow RUS"]
[Date "2009.02.05"]
[Round "6"]
[White "Pridorozhni,A"]
[Black "Kobalia,M"]
[Result "1/2-1/2"]
[WhiteElo "2515"]
[BlackElo "2634"]

1.e4 c5 2.Nf3 e6 3.d4 cxd4 4.Nxd4 Nc6 5.Nc3 a6 6.Be3 Nf6 7.Be2 d6 8.O-O Bd7
9.f4 Be7 10.Qe1 Nxd4 11.Bxd4 Bc6 12.Qg3 O-O 13.Rae1 b5 14.a3 Qd7 15.Kh1 a5
16.Bf3 b4 17.axb4 axb4 18.Nd1 d5 19.exd5 Bxd5 20.Bxd5 Qxd5 21.c3 bxc3 22.Bxc3 g6
23.Be5 Ne4 24.Qe3 Nd2 25.Nc3 Qd7 26.Rf2 Nc4 27.Qe4 Rac8 28.Qe2 f6 29.Rd1 Qc6
30.Bd4 Rfd8 31.Rff1 Kf7 32.Ne4 Rc7 33.Bc3 Rxd1 34.Rxd1 Qb6 35.Re1 Rc6 36.Nd6+ Rxd6
37.Qxc4 Qc6 38.Qxc6 Rxc6 39.g3 Rb6 40.Ra1 Rb7 41.Kg2 f5 42.Kf3 Bf6 43.Ke3 g5
44.fxg5 Bxg5+ 45.Kd3 Bf6 46.Bxf6 Kxf6 47.Rb1 Ke5 48.b4 Kd5 49.Ke3 e5 50.b5 Rb6
51.Rb2 Kc5 52.Rf2 Rxb5 53.Rxf5 Kd5 54.Rh5 Rb3+ 55.Kf2 Rb7  1/2-1/2

[Event "14th HIT Open"]
[Site "Nova Gorica SLO"]
[Date "2009.02.05"]
[Round "7"]
[White "Palac,M"]
[Black "Jovanic,O"]
[Result "1/2-1/2"]
[WhiteElo "2553"]
[BlackElo "2527"]

1.e4 c5 2.Nf3 e6 3.d4 cxd4 4.Nxd4 Nc6 5.Nc3 Qc7 6.Be2 a6 7.O-O Nf6 8.Be3 Bb4
9.Na4 Be7 10.Nxc6 bxc6 11.Bb6 Qf4 12.Bd3 Bb7 13.c4 O-O 14.c5 a5 15.Qe2 Qb8
16.Rfe1 Qc8 17.Rad1 Ba6 18.b3 Bxd3 19.Qxd3 Bd8 20.Bxd8 Qxd8 21.Nb6 Ra7 22.Qe3 Rb7
23.Rd6 Ne8 24.Rd4 d5 25.Qd2 Nf6 26.Qxa5 Qc7 27.exd5 cxd5 28.Qb5 Ne4 29.b4 Ra7
30.Qe2 Nxc5 31.Nxd5 exd5 32.Rc1 Ne6 33.Rxc7 Nxd4 34.Qe7 Rxa2 35.h3 Ne2+ 36.Kh2 d4
37.b5 Nc3 38.Rd7 Re2 39.Qb4 Nxb5 40.Qxb5 Rxf2 41.Rxd4 Rf6 42.Re4 h6 43.Qd7 Ra8
44.Re5 Rb8 45.h4 g6 46.Re7 h5 47.Re3 Rf5 48.Kg3 Ra8 49.Rf3 Rxf3+ 50.gxf3 Kg7
51.Qd4+ Kg8 52.Qf6 Rb8 53.Qe5 Rb4 54.f4 Rb3+ 55.Kf2 Rb6 56.f5 gxf5 57.Qxf5 Re6
58.Qxh5 Kg7 59.Qg5+ Rg6 60.Qe5+ Kg8 61.Kf3 Re6 62.Qg5+ Rg6 63.Qd8+ Kg7 64.h5 Re6
65.Kf4 Rf6+ 66.Ke5 Re6+ 67.Kf5 Rh6 68.Kg5 Re6 69.Qd4+ Kh7 70.Qd3+ Kg7 71.Qc3+ Kh7
72.Kf5 Rh6 73.Qc7 Kg7 74.Qg3+ Kh7 75.Ke5 Re6+ 76.Kd5 Rh6 77.Qd3+ Kg7 78.Qg3+ Kh7
79.Ke5 Re6+ 80.Kf5 Rh6 81.Qf4 Re6 82.Kg5 Kg7 83.Qh2 Rh6 84.Qh1 Kh7 85.Qb1+ Kg7
86.Qb2+ Kh7 87.Qb8 Kg7 88.Qd8 Re6 89.Kf5 Rh6 90.Qd4+ Kh7 91.Kg5 Re6 92.Qh4 Rh6
93.Kf5 Kg7 94.Kg5 Kh7 95.Qe4+ Kg7 96.Kg4 Re6 97.Qd4+ Kh7 98.Qd7 Kg7 99.Qc7 Rh6
100.Kg5 Re6 101.Qc3+ Kh7 102.Qh3 Rh6 103.Kf5 Kg7 104.Qc3+ Kh7 105.Qb4 Kg7
106.Qb2+ Kh7 107.Qf6 Rxf6+ 108.Kxf6 Kh6 109.Kxf7 Kxh5  1/2-1/2

[Event "Open A"]
[Site "Moscow RUS"]
[Date "2009.02.06"]
[Round "7"]
[White "Chuprov,D"]
[Black "Zvjaginsev,V"]
[Result "1/2-1/2"]
[WhiteElo "2571"]
[BlackElo "2636"]

1.e4 c5 2.Nf3 e6 3.d4 cxd4 4.Nxd4 Nc6 5.Nc3 d6 6.Be3 Nf6 7.f3 Be7 8.Qd2 O-O
9.g4 a6 10.O-O-O Nd7 11.h4 Nde5 12.Qg2 Na5 13.g5 Nec4 14.Bg1 Bd7 15.f4 Qc7
16.Nf5 exf5 17.Nd5 Qd8 18.b3 Rc8 19.Bd3 Re8 20.exf5 Bf8 21.Bd4 Nc6 22.Bxc4 Nxd4
23.Rxd4 Bxf5 24.Bd3 Qd7 25.Rd1 Rc6 26.Kb1 Kh8 27.h5 Bxd3 28.R4xd3 Qf5 29.Qh3 Qxh3
30.Rxh3 Re2 31.c4 Rc8 32.Re3 Re8 33.Rdd3 h6 34.gxh6 g6 35.hxg6 fxg6 36.Rxe8 Rxe8
37.Rh3 Re6 38.Kc2 Kh7 39.Kd3 Bxh6 40.Re3 Rxe3+ 41.Kxe3 Kg7 42.b4 Kf7 43.Ke4 Ke6
44.a4 Bg7 45.b5 Kd7 46.Kf3 Bd4 47.Ke4 Bb2 48.Nb4 Bc3 49.Nd3 Ke6 50.Nc1 axb5
51.axb5 Ba5 52.Nb3 Bb6 53.Nd2 Bd8 54.Nf1 Bb6 55.Ng3 Bd8 56.Ne2 Bf6 57.Nc1 Bd8
58.Nd3 Ba5 59.Nc1 Bd8 60.Ne2 Bf6 61.Ng3 Bd8 62.f5+ gxf5+ 63.Nxf5 Bf6 64.Ne3 Bg5
65.Nc2 Bf6 66.Nb4 Bg5 67.Nd5 Bd2 68.Kd4 Bg5 69.Nb4 Bf6+ 70.Ke4 Bg5 71.Nd3 Bd2
72.Kd4 Bg5 73.Ne1 Bf6+ 74.Ke4 Bg5 75.Nf3 Bf6 76.Ng1 Bg7 77.Ne2 Be5 78.Nc1 Bf6
79.Nb3 Bc3 80.Kd3 Bf6 81.Na5 b6 82.Nc6 d5 83.Nb4  1/2-1/2

[Event "Open A"]
[Site "Moscow RUS"]
[Date "2009.02.06"]
[Round "7"]
[White "Guseinov,G"]
[Black "Novikov,St1"]
[Result "1-0"]
[WhiteElo "2661"]
[BlackElo "2523"]

1.e4 c5 2.Nf3 e6 3.d4 cxd4 4.Nxd4 Nc6 5.Nc3 a6 6.g3 Nge7 7.Nb3 Na5 8.Bg2 Nec6
9.O-O Be7 10.Qe2 O-O 11.e5 b5 12.Nxa5 Qxa5 13.Bf4 b4 14.Bxc6 dxc6 15.Ne4 Bb7
16.Qg4 Kh8 17.Rfd1 Rad8 18.Bg5 Bxg5 19.Qxg5 c5 20.Rxd8 Qxd8 21.Qxd8 Rxd8
22.Nd6 Rd7 23.a3 g5 24.f4 gxf4 25.gxf4 Bd5 26.Kf2 f6 27.Ke3 fxe5 28.fxe5 Rg7
29.axb4 cxb4 30.c4 bxc3 31.bxc3 Rg4 32.Rxa6 h5 33.Ra7 Rh4 34.Rc7 Rxh2 35.c4 Bh1
36.c5 h4 37.Kf4 Kg8 38.Kg5 Bd5 39.Kh6 Rf2 40.c6 Bxc6 41.Rc8+ Rf8 42.Rxc6 h3
43.Rc3 h2 44.Rg3+ Kh8 45.Rh3 Rf2 46.Kg6+ Kg8 47.Ne4 Re2 48.Nf6+  1-0

[Event "TCh-NED 2008-9"]
[Site "Netherlands NED"]
[Date "2009.02.07"]
[Round "5"]
[White "Michielsen,J"]
[Black "Van Oosterom,C"]
[Result "1/2-1/2"]
[WhiteElo "2316"]
[BlackElo "2420"]

1.e4 c5 2.Nf3 e6 3.d4 cxd4 4.Nxd4 Nc6 5.Nc3 Qc7 6.Be3 a6 7.Qd2 Nf6 8.O-O-O Be7
9.f3 O-O 10.g4 b5 11.g5 Ne8 12.h4 Ne5 13.Kb1 Bb7 14.Qg2 b4 15.Na4 Qa5 16.b3 Nd6
17.Nf5 Nxf5 18.Bb6 Ne3 19.Bxa5 Nxg2 20.Bxg2 Bc6 21.Bc7 Nc4 22.Nb6 Na3+ 23.Kb2 Ra7
24.Bd6 Bxd6 25.Rxd6 Rb8 26.Nc4 Nxc4+ 27.bxc4 Kf8 28.Rd2 Ke7 29.f4 Rc7 30.Re1 a5
31.f5 Bb7 32.Red1 Ba6 33.Bf1 Rbc8 34.Kb3 Ke8 35.f6 g6 36.Rd4 Bb7 37.e5 Bf3
38.R1d2 Ra8 39.Rf4 Bh5 40.Bg2 Rd8 41.Re4 Rc5 42.Rd6 Rdc8 43.c3 bxc3 44.Kxc3 Kd8
45.Rb6 Bd1 46.Bf1  1/2-1/2

[Event "14th HIT Open"]
[Site "Nova Gorica SLO"]
[Date "2009.02.07"]
[Round "9"]
[White "Sedlak,N"]
[Black "Jovanic,O"]
[Result "1-0"]
[WhiteElo "2592"]
[BlackElo "2527"]

1.e4 c5 2.Nf3 e6 3.d4 cxd4 4.Nxd4 Nc6 5.Nc3 Qc7 6.Be3 a6 7.Bd3 Nf6 8.O-O Nxd4
9.Bxd4 Bc5 10.Be2 Bxd4 11.Qxd4 d6 12.Rad1 Ke7 13.Kh1 e5 14.Qb4 g5 15.Rd5 Kd7
16.Rxd6+ Qxd6 17.Rd1 Qxd1+ 18.Bxd1 Rd8 19.Qb6 Ke7 20.Qc7+ Bd7 21.Qxe5+ Be6
22.Qxg5 h6 23.Qh4 Rac8 24.Be2 Rd4 25.f4 Rxc3 26.bxc3 Rxe4 27.Bd3 Ra4 28.h3 Rxa2
29.f5 Bd5 30.Qb4+  1-0

[Event "TCh-HUN 2008-9"]
[Site "Budapest HUN"]
[Date "2009.02.08"]
[Round "7"]
[White "Rudolf,An"]
[Black "Horvath,Ad1"]
[Result "0-1"]
[WhiteElo "2318"]
[BlackElo "2514"]

1.e4 c5 2.Nf3 e6 3.d4 cxd4 4.Nxd4 Nc6 5.Nc3 Qc7 6.g3 a6 7.Bg2 Nf6 8.O-O Bc5
9.Nxc6 dxc6 10.Na4 Be7 11.e5 Nd7 12.f4 O-O 13.Be3 b5 14.Nc3 Bb7 15.Qe2 Rad8
16.Qf2 c5 17.Rad1 Bxg2 18.Qxg2 Nb6 19.Qe4 c4 20.a3 b4 21.axb4 Bxb4 22.Ne2 Bc5
23.Bxc5 Qxc5+ 24.Kh1 a5 25.Rd4 Rd5 26.Rfd1 Rfd8 27.Rxd5 Rxd5 28.Rxd5 Nxd5
29.Kg2 g6 30.Qd4 Qb5 31.Kf2 a4 32.Qa7 Qb4 33.Qd4 h5 34.Qa7 Qxb2 35.Qxa4 Qb6+
36.Ke1 Ne3 37.c3 Qb1+ 38.Kf2 Nd1+ 39.Kg2 Qe4+ 40.Kf1 Qxe2+  0-1

[Event "I Silla & Alcudia Crespins"]
[Site "Silla ESP"]
[Date "2009.02.10"]
[Round "2"]
[White "Ortiz Suarez,I"]
[Black "Cucarella Montell,A"]
[Result "1-0"]
[WhiteElo "2522"]
[BlackElo "1954"]

1.e4 c5 2.Nf3 e6 3.d4 cxd4 4.Nxd4 Nc6 5.Nc3 Qc7 6.Be3 a6 7.Bd3 Nf6 8.O-O Nxd4
9.Bxd4 Bc5 10.Bxc5 Qxc5 11.Na4 Qc7 12.c4 d6 13.Rc1 b6 14.b4 Nd7 15.Qh5 Ne5
16.Bb1 Bd7 17.Nb2 Rc8 18.f4 Nc6 19.Nd3 h6 20.Kh1 O-O 21.f5 exf5 22.exf5 f6
23.Nf4 Ne5 24.Be4 Bc6 25.Ne6 Qf7 26.Qh4 Rfe8 27.Bxc6 Nxc6 28.Qf2 Rb8 29.b5 Ne5
30.Qd4 Rxe6 31.fxe6 Qxe6 32.bxa6 Qd7 33.Rfd1 Nf7 34.c5 bxc5 35.Qxc5 Qg4 36.Qc7 Rb2
37.Qc8+  1-0

[Event "80th ch-GER"]
[Site "Saarbruecken GER"]
[Date "2009.02.11"]
[Round "6"]
[White "Wippermann,T"]
[Black "Strunski,A"]
[Result "1/2-1/2"]
[WhiteElo "2456"]
[BlackElo "2287"]

1.e4 c5 2.Nf3 e6 3.d4 cxd4 4.Nxd4 Nc6 5.Nc3 Qc7 6.Be3 a6 7.Qd2 Nf6 8.O-O-O Be7
9.f3 O-O 10.g4 b5 11.g5 Nh5 12.Nxc6 dxc6 13.f4 c5 14.e5 Rd8 15.Qe2 Rxd1+
16.Nxd1 Bb7 17.Bg2 g6 18.Bf3 Rd8 19.Rf1 Ng7  1/2-1/2

[Event "80th ch-GER"]
[Site "Saarbruecken GER"]
[Date "2009.02.13"]
[Round "8"]
[White "Hirneise,T"]
[Black "Markgraf,Al"]
[Result "0-1"]
[WhiteElo "2426"]
[BlackElo "2463"]

1.e4 c5 2.Nf3 e6 3.d4 cxd4 4.Nxd4 Nc6 5.Nc3 Qc7 6.Be2 a6 7.Be3 Nf6 8.a3 Be7
9.f4 d6 10.g4 d5 11.e5 Ne4 12.Nxe4 dxe4 13.O-O O-O 14.Nb3 b6 15.Qe1 f6 16.exf6 Bxf6
17.c3 Ne7 18.Qg3 Nd5 19.Nd2 Bb7 20.Bc4 Be7 21.Bxd5 Bxd5 22.Rf2 Bd6 23.Raf1 Rad8
24.Qh3 Bc5 25.b4 Bd6 26.c4 Ba8 27.Qh5 Be7 28.f5 exf5 29.Rxf5 g6 30.Rxf8+ Bxf8
31.Qh4 Bg7 32.Qf2 Rd3 33.Bxb6 Qd7 34.Be3 Rxe3  0-1

[Event "TCh-FIN"]
[Site "Finland FIN"]
[Date "2009.02.14"]
[Round "6"]
[White "Kulaots,K"]
[Black "Volodin,Alek"]
[Result "1-0"]
[WhiteElo "2531"]
[BlackElo "2397"]

1.e4 c5 2.Nf3 e6 3.d4 cxd4 4.Nxd4 Nc6 5.Nc3 Qc7 6.Be3 Nf6 7.f4 Bb4 8.Nb5 Qa5
9.e5 Ne4 10.Bd3 Nxc3 11.bxc3 Bxc3+ 12.Nxc3 Qxc3+ 13.Kf2 O-O 14.Rb1 Nb4 15.Be4 Qc4
16.Qd4 Qxd4 17.Bxd4 Nc6 18.Bc5 Re8 19.Rhd1 f6 20.exf6 gxf6 21.Bd6 Nd8 22.c4 a5
23.c5 a4 24.a3 Ra5 25.Rdc1 Nc6 26.Rc4 e5 27.Bd5+ Kg7 28.Re1 b5 29.Rc3 b4
30.Rg3+ Kh8 31.fxe5 Nxe5 32.Rxe5  1-0

[Event "TCh-BEL 2008-9"]
[Site "Belgium BEL"]
[Date "2009.02.15"]
[Round "9"]
[White "Decoster,F"]
[Black "Van Oosterom,C"]
[Result "1-0"]
[WhiteElo "2283"]
[BlackElo "2428"]

1.e4 c5 2.Nf3 e6 3.d4 cxd4 4.Nxd4 Nc6 5.Nc3 Qc7 6.Be3 a6 7.Bd3 Nf6 8.O-O Bd6
9.f4 Bc5 10.Nf5 Bxe3+ 11.Nxe3 d6 12.Qf3 O-O 13.Qh3 Qb6 14.Rab1 Ng4 15.Qxg4 Qxe3+
16.Kh1 Nb4 17.Rf3 Nxd3 18.Qg3 Nf2+ 19.Qxf2 Qxf2 20.Rxf2 b5 21.a3 Rd8 22.Rd1 Ra7
23.Rfd2 Rad7 24.Kg1 Kf8 25.Kf2 Ke7 26.Ke3 Bb7 27.g3 Bc6 28.Ne2 Rc8 29.Rd4 Bb7
30.R1d2 Rc6 31.a4 bxa4 32.Rxa4 Rdc7 33.c3 e5 34.b3 Rb6 35.Ra3 Rc5 36.c4 exf4+
37.Nxf4 Re5 38.Nd5+ Bxd5 39.Rxd5 Ke6 40.Kd4 f6 41.Rxe5+ fxe5+ 42.Kc3 Kd7
43.b4 Kc6 44.Ra5 Kc7 45.b5 axb5 46.cxb5 Rb8 47.Kc4 Rf8 48.Ra7+ Kb6 49.Rd7 Rf6
50.Kd5 Kxb5 51.Rb7+ Ka4 52.Rxg7 Rh6 53.h4 Kb4 54.Rg5 Kc3 55.h5 Kd3 56.g4 Ke3
57.Rf5 Ke2 58.Rf7 Ke3 59.Rf1 Ke2 60.Rh1 Rf6 61.g5 Rf4 62.g6 hxg6 63.h6 Rf8
64.h7 Rh8 65.Kxd6 g5 66.Kxe5 Kf3 67.Kf6 g4 68.e5 g3 69.Kg7 g2 70.Rg1  1-0

[Event "ch-VIE Stage1"]
[Site "Ha Noi VIE"]
[Date "2009.02.17"]
[Round "3"]
[White "Tran Manh Tien"]
[Black "Nguyen Anh Dung"]
[Result "1/2-1/2"]
[WhiteElo "2256"]
[BlackElo "2500"]

1.e4 c5 2.Nf3 Nc6 3.d4 cxd4 4.Nxd4 e6 5.Nc3 Qc7 6.Be3 a6 7.Qd2 Nf6 8.O-O-O Bb4
9.f3 Ne5 10.Qe1 Bxc3 11.Qxc3 Qxc3 12.bxc3 d5 13.exd5 Nxd5 14.Bd2 Bd7 15.c4 Nb6
16.c5 Na4 17.Nb3 Rc8 18.Re1 Ng6 19.Be3 O-O 20.Rd1 Bc6 21.Rd4 Rfd8 22.Rxd8+ Rxd8
23.Na5 Ne7 24.Bc4 Kf8 25.h4 Rd7 26.h5 h6 27.Bb3 Nc3 28.Re1 Bb5 29.a4 Bxa4
30.Bxa4 Nxa4 31.Rd1 Ke8 32.Rxd7 Kxd7 33.Nxb7 Kc6 34.Nd8+ Kd5 35.Nxf7 Nxc5
36.g4 Nd7 37.Kd2 a5 38.Kc3 Nc6 39.f4 Nf6 40.g5 hxg5 41.Nxg5 Nxh5 42.Kb3  1/2-1/2

[Event "I Silla & Alcudia Crespins"]
[Site "Silla ESP"]
[Date "2009.02.17"]
[Round "6"]
[White "Valmana Canto,J"]
[Black "Torres Sanchez,J"]
[Result "1/2-1/2"]
[WhiteElo "2343"]
[BlackElo "2330"]

1.e4 c5 2.Nc3 e6 3.Nf3 Nc6 4.d4 cxd4 5.Nxd4 a6 6.Be3 Qc7 7.Bd3 Nf6 8.O-O Be7
9.Kh1 d5 10.exd5 exd5 11.Qd2 O-O 12.Rae1 Re8 13.Bf4 Qb6 14.Nxc6 Qxc6 15.Be5 Be6
16.Qg5 h6 17.Qg3 Nh5 18.Qf3 Nf6 19.Ne2 Bg4 20.Qg3 Bxe2 21.Rxe2 Bf8 22.Rfe1 Ne4
23.Qf4 Rad8 24.Bd4 Bc5 25.Bxe4 Rxe4 26.Rxe4 dxe4 27.Bc3 Re8 28.Qg4 Bf8 29.Rd1  1/2-1/2

[Event "81st ch-StP"]
[Site "St Petersburg RUS"]
[Date "2009.02.17"]
[Round "1"]
[White "Pogosian,Vl"]
[Black "Lovkov,R"]
[Result "1/2-1/2"]
[WhiteElo "2308"]
[BlackElo "2430"]

1.e4 c5 2.Nc3 Nc6 3.Nf3 e6 4.d4 cxd4 5.Nxd4 Qc7 6.Be2 a6 7.Be3 Nf6 8.O-O d6
9.a4 Be7 10.f4 O-O 11.Bf3 Bd7 12.Nb3 b6 13.Qd2 Rab8 14.g4 Rfc8 15.g5 Ne8
16.Rad1 Na5 17.Qf2 Nc4 18.Bc1 b5 19.axb5 axb5 20.f5 b4 21.fxe6 Bxe6 22.Bg4 Ne5
23.Bxe6 fxe6 24.Nd4 Qd7 25.Nce2 Nc7 26.Qg3 Rf8 27.Nf4 Ng6 28.Nxg6 hxg6 29.Qb3 d5
30.Nf3 Qb5 31.Qd3 Qxd3 32.cxd3 Nb5 33.Ne5 Rxf1+ 34.Rxf1 Kh7 35.Rf7 Bc5+ 36.Kg2 Rf8
37.Rb7 Rf2+ 38.Kh3 Nd6 39.Rc7 Bd4 40.Ng4 Rf3+ 41.Kg2 dxe4 42.dxe4 Rf7 43.Rc6 Nxe4
44.Rxe6 Nf2 45.Be3 Bxe3 46.Nxe3 Nd3 47.Rb6 Rf2+ 48.Kg3 Rxb2 49.Nd5  1/2-1/2

[Event "2nd Pfalz Open"]
[Site "Neustadt an der Weinstrasse GER"]
[Date "2009.02.18"]
[Round "5"]
[White "Reinhart,E"]
[Black "Iotov,V"]
[Result "0-1"]
[WhiteElo "2329"]
[BlackElo "2556"]

1.e4 c5 2.Nf3 e6 3.d4 cxd4 4.Nxd4 Nc6 5.Nc3 Qc7 6.Be2 a6 7.O-O Nf6 8.Be3 Be7
9.f4 d6 10.Qe1 Nxd4 11.Bxd4 b5 12.e5 dxe5 13.fxe5 Nd7 14.Ne4 Bb7 15.Bd3 Bxe4
16.Qxe4 Rd8 17.Qf4 O-O 18.Rf3 Bc5 19.Re1 Nxe5 20.Rh3 Bxd4+ 21.Qxd4 Nxd3 22.Qh4 Qc5+
23.Kf1 h6 24.cxd3 Rd5 25.Rf3 Rfd8 26.Qf4 Rf5 27.Qd2 Rxf3+ 28.gxf3 Qd5 29.Ke2 Qxa2
30.Qc3 Qd5 31.Rg1 Qd4 32.Rg4 Qxc3 33.bxc3 f5 34.Rg1 Rc8 35.Kd2 Kf7 36.Kc2 Kf6
37.Kb3 g5 38.Ra1 Rc6 39.Kb4 Ke5 40.h4 Kf4  0-1

[Event "Masters"]
[Site "Bunratty IRL"]
[Date "2009.02.20"]
[Round "1"]
[White "Osborne,S"]
[Black "Pein,M"]
[Result "0-1"]
[WhiteElo "2021"]
[BlackElo "2391"]

1.e4 c5 2.Nf3 e6 3.d4 cxd4 4.Nxd4 Nc6 5.Nc3 a6 6.Be3 Qc7 7.Bd3 Nf6 8.O-O Bd6
9.Kh1 h5 10.Nxc6 dxc6 11.f4 Ng4 12.Bd2 e5 13.f5 b5 14.a4 b4 15.Na2 c5 16.Qe2 Bb7
17.a5 Nf6 18.c3 b3 19.Nc1 Qc6 20.Nxb3 Nxe4 21.Rae1 Nf6 22.Bf4 O-O-O 23.Be3 h4
24.Nd2 h3 25.Rf2 hxg2+ 26.Rxg2 Rh4 27.b4 Rdh8 28.Bg1 Rg4 29.Be4 Rxe4 30.Nxe4 Qxe4  0-1

[Event "I Silla & Alcudia Crespins"]
[Site "Silla ESP"]
[Date "2009.02.20"]
[Round "9"]
[White "Torres Sanchez,J"]
[Black "Cucarella Montell,A"]
[Result "1-0"]
[WhiteElo "2330"]
[BlackElo "1954"]

1.e4 c5 2.Nf3 e6 3.Nc3 Nc6 4.d4 cxd4 5.Nxd4 Qc7 6.g3 a6 7.Bg2 d6 8.O-O Bd7
9.Re1 Nf6 10.Nxc6 Bxc6 11.Nd5 Bxd5 12.exd5 e5 13.Be3 Be7 14.Rc1 O-O 15.c4 Rac8
16.b4 b6 17.h3 Rfd8 18.Qd3 Qa7 19.Kh2 Rc7 20.f4 exf4 21.Bxf4 h6 22.Re2 Bf8
23.c5 bxc5 24.bxc5 dxc5 25.Bxc7 Qxc7 26.Bf3 Bd6 27.Rg2 Nd7 28.Qxa6 Ne5 29.Be2 Rb8
30.Rc2 Rb1 31.Qa4 Qb8 32.Qe4 Rb4 33.Qe3 Qe8 34.Qd2 Qa4 35.Bd1 Rb1 36.Rc1 Qb4
37.Rxb1 Qxb1 38.Qc2 Qb4 39.Rf2 Qd4 40.Qd2 Nd3 41.Rf3 c4 42.Qe3 Qxd5 43.Rf1 h5
44.Bf3 Qa5 45.Qe8+ Bf8 46.Be2 Qd5 47.a4 h4 48.gxh4 Qd6+ 49.Kh1 Qd5+ 50.Bf3 Qc5
51.h5 Ne5 52.h6 gxh6 53.Be4 c3 54.Rg1+ Kh8 55.Qd8 Qd6 56.Qxd6 Bxd6 57.a5 Bc5
58.Rc1 Bd4 59.a6 Nc4 60.Rd1 Bb6 61.Rd7 Nd2 62.Bd3 Nc4 63.a7  1-0

[Event "ch-VIE Stage1"]
[Site "Ha Noi VIE"]
[Date "2009.02.21"]
[Round "9"]
[White "Nguyen Van Huy"]
[Black "Nguyen Anh Dung"]
[Result "0-1"]
[WhiteElo "2416"]
[BlackElo "2500"]

1.e4 c5 2.Nf3 e6 3.d4 cxd4 4.Nxd4 Nc6 5.Nc3 Qc7 6.Be2 Nf6 7.O-O a6 8.Be3 Bb4
9.Na4 Be7 10.Nxc6 bxc6 11.Nb6 Rb8 12.Nxc8 Qxc8 13.Bd4 c5 14.Be5 Rb6 15.Qd3 O-O
16.b3 d6 17.Bb2 Nd7 18.Rad1 Bf6 19.Bc1 Rd8 20.Qh3 Qb7 21.Bd2 Re8 22.Ba5 Rc6
23.f4 d5 24.Bf3 Bd4+ 25.Kh1 Nf6 26.e5 Ne4 27.Bxe4 dxe4 28.a4 f6 29.exf6 Bxf6
30.Qe3 c4 31.b4 Rcc8 32.Rd6 c3 33.Rfd1 Rc4 34.Qe2 Qc8 35.Rd7 Rf8 36.h3 e5
37.f5 h6 38.R1d6 Rd4 39.Bb6 Rxd6 40.Rxd6 Qxf5 41.Bg1 Bg5 42.Rd1 e3 43.b5 axb5
44.axb5 Qe4 45.b6 Kh7 46.Rb1 Rf7 47.Rb3 Rb7 48.Rb1 Rd7 49.Bxe3 Bxe3 50.b7 Rxb7
51.Rxb7 Qxb7 52.Qd3+ e4 53.Qxe3 Qb1+ 54.Kh2 Qxc2 55.Qf4 Qd3 56.Qf5+ Kg8 57.Qe6+ Kf8
58.Qf5+ Ke7 59.Qe5+ Kd7 60.Qf5+ Kc6 61.Qc8+ Kb5 62.Qb8+ Ka4  0-1

[Event "ch-EST"]
[Site "Rakvere EST"]
[Date "2009.02.21"]
[Round "2"]
[White "Holvason,J"]
[Black "Volodin,Alek"]
[Result "0-1"]
[WhiteElo "2108"]
[BlackElo "2401"]

1.e4 c5 2.Nf3 e6 3.d4 cxd4 4.Nxd4 Nc6 5.Nc3 Qc7 6.Be3 Nf6 7.Qd2 Bb4 8.f3 Nxd4
9.Bxd4 e5 10.Bf2 Bxc3 11.Qxc3 Qxc3+ 12.bxc3 d6 13.O-O-O Ke7 14.Bc4 Be6 15.Bb3 Rhc8
16.Kb2 h6 17.Rd2 b5 18.g3 a5 19.a3 Ra6 20.Re1 a4 21.Bd5 Bxd5 22.exd5 Rc4
23.f4 Nd7 24.Rd4 Ra8 25.Rxc4 bxc4 26.Ka2 Ra5 27.Re4 Rxd5 28.Be3 Rd1 29.Rxc4 Re1
30.Ba7 e4 31.Rxa4 d5 32.c4 Nf6 33.cxd5 Nxd5 34.Kb2 f5 35.Rd4 Ke6 36.c4 Ne3
37.c5 Re2+ 38.Kb3 Rc2 39.Rd6+ Ke7 40.Rg6 Kf7 41.Rb6 Rc1 42.Kb2 Rc2+ 43.Kb1 Rc3
44.Rb7+ Ke6 45.Rxg7 Nc4 46.c6 e3 47.c7 Nxa3+ 48.Kb2 e2 49.Bf2 Nb5 50.Rg6+ Kd7
51.Be1 Re3 52.Rxh6 Kxc7 53.Kc2  0-1

[Event "73rd ch-BUL"]
[Site "Blagoevgrad BUL"]
[Date "2009.02.22"]
[Round "13"]
[White "Radulski,J"]
[Black "Arnaudov,G"]
[Result "0-1"]
[WhiteElo "2580"]
[BlackElo "2347"]

1.e4 c5 2.Nf3 Nc6 3.d4 cxd4 4.Nxd4 e6 5.Nc3 Qc7 6.g3 a6 7.Bg2 d6 8.O-O Bd7
9.Be3 Nf6 10.Qe2 Be7 11.f4 Rc8 12.Nb3 b5 13.a3 O-O 14.g4 h6 15.Kh1 Nh7 16.Rad1 b4
17.axb4 Nxb4 18.Qf2 Rb8 19.Ba7 Rb7 20.Be3 Nxc2 21.Qxc2 Ba4 22.Qd2 Bxb3 23.Rc1 Qb8
24.e5 Bc4 25.Rf2 d5 26.Bf3 g5 27.Rg1 Rd8 28.Bd4 gxf4 29.g5 hxg5 30.Qxf4 Kh8
31.Qe3 Rf8 32.Rg3 f5 33.exf6 Bxf6 34.Bxd5 exd5 35.Rxg5 Rg7 36.Bxf6 Rxf6 37.Rxg7 Kxg7
38.Qe7+ Kg6 39.Rg2+ Ng5 40.Ne2 Bxe2 41.Qxe2 Qf8 42.Qd3+ Kh6 43.Qxd5 Rf1+
44.Rg1 Rxg1+  0-1

[Event "TCh-HUN 2008-9"]
[Site "Budapest HUN"]
[Date "2009.02.22"]
[Round "8"]
[White "Feher,Ad"]
[Black "Balazs,G2"]
[Result "1/2-1/2"]
[WhiteElo "2229"]
[BlackElo "2283"]

1.e4 c5 2.Nf3 e6 3.d4 cxd4 4.Nxd4 Nc6 5.Nc3 Qc7 6.Be2 a6 7.O-O Nf6 8.Be3 Bb4
9.Na4 O-O 10.Nxc6 bxc6 11.Nb6 Rb8 12.Nxc8 Rfxc8 13.Bxa6 Rf8 14.Bd3 Bd6 15.Rb1 Bxh2+
16.Kh1 Bf4 17.Bxf4 Qxf4 18.g3 Qh6+ 19.Kg2 e5 20.Qe2 Rfe8 21.a4 d5  1/2-1/2

[Event "TCh-HUN 2008-9"]
[Site "Budapest HUN"]
[Date "2009.02.22"]
[Round "8"]
[White "Gara,A"]
[Black "Gyorkos,L"]
[Result "1/2-1/2"]
[WhiteElo "2312"]
[BlackElo "2388"]

1.e4 c5 2.Nf3 e6 3.d4 cxd4 4.Nxd4 Nc6 5.Nc3 a6 6.Nxc6 bxc6 7.Bd3 d5 8.O-O Nf6
9.Qf3 Be7 10.e5 Nd7 11.Qg3 g6 12.Bh6 Bf8 13.Bxf8 Kxf8 14.b3 Kg7 15.Rae1 Rf8
16.Ne2 a5 17.Nf4 Kh8 18.h4 Rg8 19.Nh3 Qe7 20.Ng5 a4 21.Qf4 Rg7 22.Re3 axb3
23.axb3 Nxe5 24.Qxe5 f6 25.Qc3 fxg5 26.hxg5 Qd6 27.Qf6 Kg8 28.Ra1 Rxa1+ 29.Qxa1 Rf7
30.Qa8 Rf8 31.Rf3 Bd7 32.Rxf8+ Qxf8 33.Qa7 Qd6 34.Qa8+ Qf8 35.Qa7 Qd6 36.Qa8+  1/2-1/2

[Event "Masters"]
[Site "Bunratty IRL"]
[Date "2009.02.22"]
[Round "5"]
[White "Wallace,P"]
[Black "Yurenok,M"]
[Result "1-0"]
[WhiteElo "2253"]
[BlackElo "2035"]

1.e4 c5 2.Nc3 Nc6 3.Nf3 e6 4.d4 cxd4 5.Nxd4 Qc7 6.Be3 a6 7.Nxc6 bxc6 8.Be2 Nf6
9.O-O Be7 10.f4 d6 11.Bd3 O-O 12.Qf3 Bb7 13.Qh3 e5 14.Kh1 Bc8 15.f5 d5 16.Bg5 d4
17.Ne2 c5 18.b3 Ne8 19.Bd2 a5 20.Ng3 Qd8 21.Nh5 Bg5 22.Bxg5 Qxg5 23.Rf3 g6
24.Rg3 Qd8 25.Rg4 Nf6 26.Nxf6+ Qxf6 27.Rf1 Qh8 28.Bc4 Kg7 29.Qg3 f6 30.Rxg6+  1-0

[Event "69th Noteboom Mem GpA"]
[Site "Leiden NED"]
[Date "2009.02.22"]
[Round "6"]
[White "Van den Doel,E"]
[Black "Solodovnichenko,Y"]
[Result "0-1"]
[WhiteElo "2574"]
[BlackElo "2571"]

1.e4 c5 2.Nf3 e6 3.d4 cxd4 4.Nxd4 Nc6 5.Nc3 d6 6.Be3 Nf6 7.f3 Be7 8.Qd2 O-O
9.O-O-O a6 10.g4 Nd7 11.h4 Nde5 12.Qg2 Nxd4 13.Bxd4 Bd7 14.g5 b5 15.f4 Nc6
16.Be3 b4 17.Na4 Rb8 18.b3 Qc7 19.Qf2 Na5 20.Bb6 Qb7 21.Bxa5 Bxa4 22.bxa4 Rfc8
23.Rh3 Qc6 24.Bd3 Qxa4 25.Qa7 Qa3+ 26.Kd2 Qxa5 27.Qxe7 b3+ 28.Ke2 bxa2 29.Rhh1 Qc5
30.Qd7 d5 31.e5 Rb2 32.Kf3 Rxc2 33.Rhf1 Rc3 34.Rd2 g6 35.Qa4 Ra3 36.Qd1 a1=Q
37.Qxa1 Rxa1 38.Rxa1 Qb4  0-1

[Event "Spring"]
[Site "Mukachevo UKR"]
[Date "2009.02.26"]
[Round "6"]
[White "Zambor,N"]
[Black "Bernadskiy,V"]
[Result "1/2-1/2"]
[WhiteElo "2308"]
[BlackElo "2276"]

1.e4 c5 2.Nf3 e6 3.d4 cxd4 4.Nxd4 Nc6 5.Nc3 Qc7 6.Be3 a6 7.Qd2 Nf6 8.f3 Be7
9.g4 O-O 10.O-O-O b5 11.Qg2 Bb7 12.h4 Nxd4 13.Bxd4 b4 14.Ne2 d5 15.e5 Nd7
16.f4 f6 17.exf6 Bxf6 18.g5 Rac8 19.Rd2 Bxd4 20.Nxd4 b3 21.axb3 Qd6 22.Qe2 Nc5
23.Qe5 Qxe5 24.fxe5 Rf4 25.c3 Rxd4 26.Rxd4 Nxb3+ 27.Kd1 Nxd4 28.cxd4 Bc6
29.Kd2 Rb8 30.Kc3 Ba4 31.Bxa6 Rb3+ 32.Kd2 Rxb2+ 33.Ke3 Rb3+  1/2-1/2

[Event "ch-EST Playoff"]
[Site "Rakvere EST"]
[Date "2009.02.26"]
[Round "1"]
[White "Kulaots,K"]
[Black "Volodin,Alek"]
[Result "1-0"]
[WhiteElo "2573"]
[BlackElo "2401"]

1.e4 c5 2.Nf3 e6 3.d4 cxd4 4.Nxd4 Nc6 5.Nc3 Qc7 6.Be3 Nf6 7.f4 Bb4 8.Nb5 Qa5
9.e5 Ne4 10.Qd3 f5 11.exf6 Nxf6 12.Nd6+ Bxd6 13.Qxd6 Ne4 14.Qd3 d5 15.Be2 O-O
16.O-O Nf6 17.Rad1 Bd7 18.a3 Be8 19.f5 d4 20.Bxd4 Rd8 21.Qb5 Qxb5 22.Nxb5 a6
23.Bxf6 Rxd1 24.Rxd1 axb5 25.Bc3 Rxf5 26.Bg4 Rg5 27.Bxe6+ Kf8 28.Bd5 Ke7
29.Bf3 g6 30.Re1+ Kd7 31.Bf6  1-0

[Event "Spring"]
[Site "Mukachevo UKR"]
[Date "2009.02.27"]
[Round "8"]
[White "Bunda,V"]
[Black "Bernadskiy,V"]
[Result "0-1"]
[WhiteElo "2267"]
[BlackElo "2276"]

1.e4 c5 2.Nf3 e6 3.d4 cxd4 4.Nxd4 Nc6 5.Nc3 Qc7 6.Be2 a6 7.O-O Nf6 8.Kh1 b5
9.a3 Bb7 10.f4 Nxd4 11.Qxd4 Bc5 12.Qd3 h5 13.Be3 Ng4 14.Bd4 Qb6 15.Rad1 Bxd4
16.Qxd4 Qxd4 17.Rxd4 Ne3 18.Rc1 f5 19.Kg1 fxe4 20.Nxe4 Ke7 21.Nc5 Bd5 22.Rd3 Nc4
23.Rg3 Nxb2 24.Rxg7+ Kd6 25.Nd3 Nc4 26.Ne5 Nxe5 27.fxe5+ Kxe5 28.Rxd7 h4
29.Re1 Kd4 30.Bf3 Rad8 31.Re4+ Kc3 32.Rxd8 Rxd8 33.Rxh4 Kxc2 34.Rd4 a5 35.Kf2 Kb2
36.Rd3 b4 37.axb4 a4 38.Bxd5 exd5 39.Ke3 d4+ 40.Ke4 a3 41.b5 a2 42.Rd2+ Kb3
43.Rd3+ Kc2 44.Ra3 Kb2 45.Rxa2+ Kxa2 46.Kd3 Kb3  0-1